Historia del Perú bajo la dinastía austríaca, 1598 a 1700

Gardado en:
Detalles Bibliográficos
Autor Principal: Lorente, Sebastián (autor)
Formato: Libro
Idioma:Lingua castelá
Publicado: París Imprenta de A. E. Rochette 1870
Edición:1a. ed
Subjects:
Tags: Engadir etiqueta
Sen Etiquetas, Sexa o primeiro en etiquetar este rexistro!

MARC

LEADER 00000nam a2200000 a 4500
001 UCJ4668
003 CL-VaPUC
008 070124e18700000FR |||||||||||||||||spa|d
082 0 4 |a 985  |b LOR  |2 21 
100 |a Lorente, Sebastián  |e autor  |9 538054 
245 1 0 |a Historia del Perú bajo la dinastía austríaca, 1598 a 1700 
250 |a 1a. ed 
300 |a 364 p 
942 |c BK 
945 |d 20070124 00:00:00  |a rinostro 
260 |a París  |b Imprenta de A. E. Rochette  |c 1870 
500 |a Se ubica junto a coleción Bolivia - Perú 
600 0 7 |a FELIPE III DE ESPAÑA  |2 CL-VaPUC  |9 508785 
650 0 |a Gobierno colonial  |9 353437 
650 7 |a INSTITUCIONES COLONIALES  |2 CL-VaPUC  |9 389426 
650 0 |a Gobernadores  |9 323856 
650 0 |a Historia del Perú   |9 430972 
583 |a last modification  |c 20070124 00:00:00  |k Rodrigo Vera 
999 |c 320784  |d 320782 
952 |0 0  |1 0  |4 0  |6 985_000000000000000_LOR_1870  |7 0  |8 X  |9 399381  |a FDOBUD  |b FDOBUD  |d 2019-11-22  |i 1023055  |o 985 LOR 1870  |p 1023055  |r 2019-11-22  |w 2019-11-22  |y BK_X  |k BUD